Development and Characterization of Polymer Coating for Slow Release Urea Fertilizer / (Record no. 525335)
[ view plain ]
| 000 -LEADER | |
|---|---|
| fixed length control field | 00527nam a22001697a 4500 |
| 003 - CONTROL NUMBER IDENTIFIER | |
| control field | NUST |
| 038 ## - RECORD CONTENT LICENSOR | |
| Staff Name | Mr. Zahoor |
| 082 ## - DEWEY DECIMAL CLASSIFICATION NUMBER | |
| Classification number | 660 |
| 100 ## - MAIN ENTRY--PERSONAL NAME | |
| Personal name | Beig, Bilal |
| 9 (RLIN) | 16156 |
| 245 ## - TITLE STATEMENT | |
| Title | Development and Characterization of Polymer Coating for Slow Release Urea Fertilizer / |
| Statement of responsibility, etc. | Bilal Beig |
| 260 ## - PUBLICATION, DISTRIBUTION, ETC. | |
| Place of publication, distribution, etc. | Islamabad : |
| Name of publisher, distributor, etc. | SCME - NUST, |
| Date of publication, distribution, etc. | 2018. |
| 300 ## - PHYSICAL DESCRIPTION | |
| Extent | viii, 62 p. : ill. ; |
| Dimensions | 30 cm. |
| 500 ## - GENERAL NOTE | |
| General note | Hardcover. |
| 650 ## - SUBJECT ADDED ENTRY--TOPICAL TERM | |
| Topical term or geographic name entry element | Chemical Engineering - MS Thesis |
| 9 (RLIN) | 16130 |
| 700 ## - ADDED ENTRY--PERSONAL NAME | |
| Personal name | Dr. Muhammad Bilal Khan Niazi |
| 9 (RLIN) | 16157 |
| 942 ## - ADDED ENTRY ELEMENTS (KOHA) | |
| Source of classification or shelving scheme | |
| Koha item type | Thesis |
| Withdrawn status | Lost status | Source of classification or shelving scheme | Damaged status | Not for loan | Permanent Location | Current Location | Shelving location | Date acquired | Total Checkouts | Full call number | Barcode | Date last seen | Price effective from | Koha item type |
|---|---|---|---|---|---|---|---|---|---|---|---|---|---|---|
| Central Library (CL) | Central Library (CL) | Thesis | 07/01/2019 | 660 | CL-T-1898 | 07/03/2019 | 07/01/2019 | Thesis |
